| 000 -LEADER |
| fixed length control field |
00833cam a2200217 a 4500 |
| 001 - CONTROL NUMBER |
| control field |
3351397 |
| 005 - DATE AND TIME OF LATEST TRANSACTION |
| control field |
20240123154217.0 |
| 008 - FIXED-LENGTH DATA ELEMENTS--GENERAL INFORMATION |
| fixed length control field |
860815r19861973nyua b 001 0 eng |
| 020 ## - INTERNATIONAL STANDARD BOOK NUMBER |
| International Standard Book Number |
0486652416x |
| 041 ## - LANGUAGE CODE |
| Language code of text/sound track or separate title |
eng |
| 080 ## - UNIVERSAL DECIMAL CLASSIFICATION NUMBER |
| Universal Decimal Classification number |
519.876.5 H-20 |
| 100 1# - MAIN ENTRY--PERSONAL NAME |
| Personal name |
Hamming, R. W. |
| Fuller form of name |
(Richard Wesley), |
| Dates associated with a name |
1915-1998. |
| 9 (RLIN) |
12902 |
| 245 10 - TITLE STATEMENT |
| Title |
Numerical methods for scientists and engineers / |
| Statement of responsibility, etc. |
R.W. Hamming. |
| 250 ## - EDITION STATEMENT |
| Edition statement |
2nd ed. |
| 264 ## - PRODUCTION, PUBLICATION, DISTRIBUTION, MANUFACTURE, AND COPYRIGHT NOTICE |
| Place of production, publication, distribution, manufacture |
New York : |
| Name of producer, publisher, distributor, manufacturer |
Dover, |
| Date of production, publication, distribution, manufacture, or copyright notice |
1973. |
| 300 ## - PHYSICAL DESCRIPTION |
| Extent |
721 p. : |
| Other physical details |
ill. ; |
| Dimensions |
22 cm. |
| 653 ## - INDEX TERM--UNCONTROLLED |
| keyword |
რიცხვითი მეთოდები მეცნიერებისა და ინჟინრებისთვის |
| 653 ## - INDEX TERM--UNCONTROLLED |
| keyword |
ოპერაციის კვლევა |
| 856 42 - ELECTRONIC LOCATION AND ACCESS |
| Materials specified |
Publisher description |
| Uniform Resource Identifier |
http://www.loc.gov/catdir/description/dover032/86016226.html |
| 942 ## - ADDED ENTRY ELEMENTS (KOHA) |
| Source of classification or shelving scheme |
|
| Koha item type |
წიგნი |